00373nam a2200157Ia 4500008004100000020001500041041000800056082001600064100001500080245002800095260003400123300000800157365001400165650001900179700001700198140306s9999 xx 000 0 und d a0631162089 aeng a336bBRO/PU aBrown, C V aPublic sector economics aOxfordbBasil Blackwellc1990 a622 bUKP.14.95 aPublic finance aJackson, P M